Úvod do praktické bioinformatiky

Gespeichert in:
Bibliographische Detailangaben
1. Verfasser: Cvrčková, Fatima, 1966-
Format: Buch
Sprache:Tschechisch
Veröffentlicht: Praha Academia 2006
Ausgabe:Vyd. 1.
Schlagworte:
Online-Zugang:Im OPAC anzeigen
Tags: Tag hinzufügen
Keine Tags, Fügen Sie das erste Tag hinzu!

MARC

LEADER 00000nam a2200000 a 4500
005 20260127134212.0
008 060419s2006 xr a f 001 0 cze
020 |a 8020013601 (brož.) 
035 |a vtls008691798 
039 9 |a 200712131418  |b msnk14  |c 200712110747  |d msnk15  |c 200606301346  |d msavuk01  |c 200604211347  |d msvkpo03  |y 200604191357  |z msvkpo05 
040 |a SVKPO  |b slo  |c SVKPO  |d SNK  |e AACR2 
041 0 |a cze 
044 |a xr  |c CZ 
072 7 |a 575  |x Všeobecná genetika. Všeobecná cytogenetika. Evolúcia  |2 konspekt 
080 |a 575.112  |2 2001 
080 |a 575.111  |2 2001 
080 |a 57/59:004.6  |2 2001 
080 |a 004.62  |2 2001 
080 |a (048.8)  |2 2001 
100 1 |a Cvrčková, Fatima,  |d 1966- 
245 1 0 |a Úvod do praktické bioinformatiky  |c Fatima Cvrčková 
250 |a Vyd. 1. 
260 |a Praha  |b Academia  |c 2006 
300 |a 148 s.  |b ilustr.  |c 24 cm 
500 |a Terminologický slovník 
504 |a Obsahuje bibliogr., bibliogr. odkazy 
650 0 7 |a bioinformatika  |2 SNKPH 
650 0 7 |a genóm  |2 SNKPH 
650 0 7 |a biologické dáta  |2 SNKPH 
650 0 7 |a spracovanie dát  |2 SNKPH 
650 0 7 |a Bioinformatics  |2 SNKPH 
650 0 7 |a Genome  |2 SNKPH 
650 0 7 |a Biological data  |2 SNKPH 
650 0 7 |a Data processing  |2 SNKPH 
655 7 |a monografie  |2 SNKPH 
655 7 |a Monographs  |2 SNKPH 
910 |a svkpo 
910 |a savuk 
910 |a snk 
919 |a 80-200-1360-1 
999 |c 6583  |d 6583